Elenca la formazione - Quiz n°255 - Statistics

Statistiche generali
  • Questo quiz è stato fatto 46 volte
  • Il punteggio medio è 8 su 11
Statistiche sulle risposte
Ruolo Club dell'epoca Calciatore % Corretto
Centrocampista Barcellona Pedri
95%
Centrocampista Barcellona Gavi
93%
Portiere Atheltic Bilbao Unai Simón
93%
Difensore Manchester City Aymeric Laporte
90%
Attaccante Red Bull Lipsia Dani Olmo
88%
Centrocampista Barcellona Sergio Busquets
85%
Attaccante Barcellona Ferran Torres
73%
Difensore Barcellona Jordi Alba
50%
Difensore Atletico Madrid Marcos Llorente
50%
Difensore Manchester City Rodri
48%
Attaccante Real Madrid Marco Asensio
45%
Nessun quiz corrispondente trovato
Distribuzione punteggi
Percentuale di utenti per punteggio
Percentile per numero di risposta
I tuoi punteggi nel tempo
Non hai fatto questo quiz